EGOT Winners - Sudden Death - Statistics

General Stats
  • This quiz has been taken 47 times
  • The average score is 4 of 12
Answers on the Grid
Answers color-coded by a green-red scale on the quiz's grid according to % correct below.
Viola Davis
Elton John
Jennifer Hudson
Whoopi Goldberg
Andrew Lloyd Webber
Audrey Hepburn
Rita Moreno
Helen Hayes
John Legend
Jane Fonda
Dolly Parton
Liza Minelli
Adele
Julie Andrews
Kate Winslet
Dick Van Dyke
Vanessa Redgrave
Whitney Houston
Meryl Streep
Hans Zimmer
John Gielgud
Mel Brooks
Mike Nichols
Fred Astaire
Carol Burnett
Michael J. Fox
Barbra Streisand
James Earl Jones
 
Answer Stats
Answer % Correct
Elton John
71%
Viola Davis
50%
Andrew Lloyd Webber
43%
John Legend
43%
Audrey Hepburn
36%
Rita Moreno
36%
Mel Brooks
29%
Whoopi Goldberg
29%
Jennifer Hudson
21%
John Gielgud
21%
Helen Hayes
14%
Mike Nichols
14%
No matching quizzes found
Score Distribution
Percent of People with Each Score
Percentile by Number Answered
Your Score History
You have not taken this quiz